| 000 | 01234 a2200217 4500 | ||
|---|---|---|---|
| 020 | _a0324154747 | ||
| 020 | _a9780324154740 | ||
| 082 | 0 | 4 | _a174 |
| 090 |
_c1011 _d1011 |
||
| 100 | 1 | _aFisher, Bruce D. | |
| 245 | 1 | 4 |
_aThe legal, ethical and regulatory environment of business / _cBruce D. Fisher. |
| 250 | _a8th ed. | ||
| 260 |
_a[S.l.] : _bSouth-Western College/West, _c2003. |
||
| 300 |
_a775 p. ; _c27 cm. |
||
| 500 | _aHardcover. | ||
| 520 | _aThis innovative book arranges chapters into seven functional modules to emphasize how legal topics relate to such business functions as marketing, finance, human resources, accounting, and manufacturing. Streamlined for easy readability, the text contains excerpted cases offering substantial portions of original language of the court. In addition, it presents a strong emphasis on ethics, international law, and environmental law, as well as Internet applications to encourage readers to use the Web as a resource. | ||
| 700 | 1 | _aPhillips, Michael J. | |
| 856 | 4 | 0 |
_3Amazon.com _uhttp://www.amazon.com/exec/obidos/ASIN/0324154747/chopaconline-20 |
| 856 | 4 | 0 |
_3Amazon customer reviews _uhttp://www.chopac.org/cgi-bin/tools/azrev.pl?q=0324154747 |
| 942 |
_aNBS _cBK _k346.7307 FIS |
||
| 999 |
_c343547 _d343547 |
||